[Event "MPJBiS 2020"]
[Site "?"]
[Date "2020.08.30"]
[Round "5.2"]
[White "Borowik, Wojciech"]
[Black "Warchol, Kamil"]
[Result "0-1"]
[BlackElo "1690"]
[WhiteElo "1436"]
[LiveChessVersion "1.4.8"]

1. d4 {[%clk 0:03:03]} d5 {[%clk 0:03:04]} 2. Nf3 {[%clk 0:03:04]} e6
{[%clk 0:03:04]} 3. g3 {[%clk 0:03:05]} Be7 {[%clk 0:03:04]} 4. Bg2
{[%clk 0:03:06]} Nf6 {[%clk 0:03:05]} 5. c4 {[%clk 0:03:02]} O-O {[%clk 0:03:05]}
6. Nc3 {[%clk 0:03:03]} c6 {[%clk 0:03:04]} 7. b3 {[%clk 0:02:59]} Nbd7
{[%clk 0:02:56]} 8. Bb2 {[%clk 0:02:57]} b6 {[%clk 0:02:56]} 9. O-O
{[%clk 0:02:46]} Ba6 {[%clk 0:02:52]} 10. cxd5 {[%clk 0:02:41]} cxd5
{[%clk 0:02:52]} 11. Re1 {[%clk 0:02:30]} Rc8 {[%clk 0:02:51]} 12. a3
{[%clk 0:02:27]} Qc7 {[%clk 0:02:50]} 13. Rc1 {[%clk 0:02:28]} Qb8
{[%clk 0:02:50]} 14. e4 {[%clk 0:01:08]} dxe4 {[%clk 0:02:45]} 15. Nxe4
{[%clk 0:01:09]} Rxc1 {[%clk 0:02:45]} 16. Qxc1 {[%clk 0:01:07]} Nxe4
{[%clk 0:02:39]} 17. Rxe4 {[%clk 0:01:07]} Bb7 {[%clk 0:02:40]} 18. Re3
{[%clk 0:00:36]} Nf6 {[%clk 0:02:34]} 19. Ne5 {[%clk 0:00:25]} Bxg2
{[%clk 0:02:32]} 20. Kxg2 {[%clk 0:00:26]} Rc8 {[%clk 0:02:30]} 21. Rc3
{[%clk 0:00:19]} Qb7+ {[%clk 0:02:26]} 22. Kg1 {[%clk 0:00:19]} Rxc3
{[%clk 0:02:21]} 23. Qxc3 {[%clk 0:00:19]} Nd5 {[%clk 0:02:21]} 24. Qc6
{[%clk 0:00:11]} Qxc6 {[%clk 0:02:22]} 25. Nxc6 {[%clk 0:00:12]} a6
{[%clk 0:02:23]} 26. Nxe7+ {[%clk 0:00:10]} Nxe7 {[%clk 0:02:23]} 27. f3
{[%clk 0:00:10]} Kf8 {[%clk 0:02:22]} 28. Kf2 {[%clk 0:00:11]} Nd5
{[%clk 0:02:23]} 29. Ke2 {[%clk 0:00:11]} Ke7 {[%clk 0:02:24]} 30. Kd3
{[%clk 0:00:11]} Kd6 {[%clk 0:02:25]} 31. b4 {[%clk 0:00:07]} b5 {[%clk 0:02:24]}
32. Bc1 {[%clk 0:00:07]} Nb6 {[%clk 0:02:21]} 33. Bb2 {[%clk 0:00:07]} Kd5
{[%clk 0:02:20]} 34. Bc1 {[%clk 0:00:07]} Nc4 {[%clk 0:02:21]} 35. Kc3
{[%clk 0:00:08]} f6 {[%clk 0:02:09]} 36. Kd3 {[%clk 0:00:08]} Nd6
{[%clk 0:02:10]} 37. h3 {[%clk 0:00:06]} Nf5 {[%clk 0:02:10]} 38. g4
{[%clk 0:00:05]} Nxd4 {[%clk 0:02:10]} 39. f4 {[%clk 0:00:04]} e5
{[%clk 0:02:08]} 40. Bb2 {[%clk 0:00:05]} Nc6 {[%clk 0:02:04]} 41. fxe5 Nxe5+
{[%clk 0:02:02]} 42. Ke2 {[%clk 0:00:05]} Ke4 {[%clk 0:02:00]} 43. Bc1
{[%clk 0:00:06]} Nc4 {[%clk 0:02:00]} 44. h4 {[%clk 0:00:07]} g6 {[%clk 0:01:59]}
45. Ke1 {[%clk 0:00:04]} Kd3 {[%clk 0:01:58]} 46. g5 {[%clk 0:00:05]} f5
{[%clk 0:01:59]} 47. Kd1 {[%clk 0:00:05]} Ne3+ {[%clk 0:01:55]} 48. Ke1
{[%clk 0:00:06]} f4 {[%clk 0:01:56]} 49. Kf2 {[%clk 0:00:06]} Ke4
{[%clk 0:01:55]} 50. Ke2 {[%clk 0:00:07]} Nc4 {[%clk 0:01:51]} 51. Kf2
{[%clk 0:00:07]} Kf5 {[%clk 0:01:49]} 52. Kf3 {[%clk 0:00:07]} Ne5+
{[%clk 0:01:50]} 53. Kg2 {[%clk 0:00:06]} Kg4 {[%clk 0:01:51]} 54. Kf1
{[%clk 0:00:06]} f3 {[%clk 0:01:47]} 55. Bb2 {[%clk 0:00:05]} Nd3
{[%clk 0:01:47]} 56. Bf6 {[%clk 0:00:05]} Kxh4 {[%clk 0:01:46]} 57. Be7
{[%clk 0:00:06]} Kg3 {[%clk 0:01:44]} 58. Bd6+ {[%clk 0:00:07]} Kg4
{[%clk 0:01:45]} 59. Be7 {[%clk 0:00:08]} Ne5 {[%clk 0:01:43]} 60. Bf6
{[%clk 0:00:08]} Nc4 {[%clk 0:01:41]} 61. Kf2 {[%clk 0:00:07]} Nxa3
{[%clk 0:01:42]} 62. Bc3 {[%clk 0:00:08]} Nc4 {[%clk 0:01:42]} 63. Bf6
{[%clk 0:00:08]} Nd6 {[%clk 0:01:43]} 64. Be7 {[%clk 0:00:08]} Ne4+
{[%clk 0:01:44]} 65. Kf1 {[%clk 0:00:06]} Nxg5 {[%clk 0:01:43]} 66. Bd6
{[%clk 0:00:06]} h5 {[%clk 0:01:44]} 67. Kf2 {[%clk 0:00:07]} Ne4+ 0-1

[Event "MPJBiS 2020"]
[Site "?"]
[Date "2020.08.30"]
[Round "5.3"]
[White "Nawalaniec, Adam"]
[Black "Skrzypinski, Jan"]
[Result "1-0"]
[BlackElo "1540"]
[WhiteElo "1444"]
[LiveChessVersion "1.4.8"]

1. e4 {[%clk 0:03:03]} c5 {[%clk 0:03:02]} 2. c3 {[%clk 0:03:04]} d5
{[%clk 0:03:03]} 3. exd5 {[%clk 0:03:05]} Qxd5 {[%clk 0:03:04]} 4. d4
{[%clk 0:03:07]} cxd4 {[%clk 0:03:05]} 5. cxd4 {[%clk 0:03:07]} e6
{[%clk 0:03:04]} 6. Nc3 {[%clk 0:03:08]} Bb4 {[%clk 0:03:04]} 7. Nf3
{[%clk 0:02:48]} Nf6 {[%clk 0:03:00]} 8. Bd2 {[%clk 0:02:44]} Bxc3
{[%clk 0:03:01]} 9. bxc3 {[%clk 0:02:45]} Nc6 {[%clk 0:02:54]} 10. Bd3
{[%clk 0:02:43]} b5 {[%clk 0:02:48]} 11. O-O {[%clk 0:02:39]} O-O
{[%clk 0:02:27]} 12. Qb3 {[%clk 0:02:22]} Qxb3 {[%clk 0:02:21]} 13. axb3
{[%clk 0:02:23]} b4 {[%clk 0:02:22]} 14. c4 {[%clk 0:02:15]} a5 {[%clk 0:02:20]}
15. Ra2 {[%clk 0:02:02]} Bd7 {[%clk 0:02:04]} 16. Bg5 {[%clk 0:01:55]} h6
{[%clk 0:01:15]} 17. Bxf6 {[%clk 0:01:55]} gxf6 {[%clk 0:01:16]} 18. Be4
{[%clk 0:01:52]} f5 {[%clk 0:01:11]} 19. Ne5 {[%clk 0:01:49]} fxe4
{[%clk 0:00:37]} 20. Nxd7 {[%clk 0:01:50]} Rfd8 {[%clk 0:00:29]} 21. Nf6+
{[%clk 0:01:44]} Kg7 {[%clk 0:00:30]} 22. Nxe4 {[%clk 0:01:31]} Rxd4
{[%clk 0:00:30]} 23. Nc5 {[%clk 0:01:20]} Ne5 {[%clk 0:00:26]} 24. f4
{[%clk 0:00:58]} Nd3 {[%clk 0:00:21]} 25. Rd1 {[%clk 0:00:55]} Nxc5
{[%clk 0:00:21]} 26. Rxd4 {[%clk 0:00:56]} Nxb3 {[%clk 0:00:22]} 27. Rd7
{[%clk 0:00:53]} Nc5 {[%clk 0:00:17]} 28. Rc7 {[%clk 0:00:53]} Ne4
{[%clk 0:00:08]} 29. Rb7 {[%clk 0:00:41]} Nc3 {[%clk 0:00:00]} 30. Ra1
{[%clk 0:00:41]} Ne2+ {[%clk 0:00:00]} 31. Kf2 {[%clk 0:00:41]} Nxf4
{[%clk 0:00:00]} 32. Ke3 {[%clk 0:00:41]} Nxg2+ {[%clk 0:00:00]} 1-0

[Event "MPJBiS 2020"]
[Site "?"]
[Date "2020.08.30"]
[Round "5.4"]
[White "Grzebieniowski, Michal"]
[Black "Komendecki, Antoni"]
[Result "0-1"]
[BlackElo "1366"]
[WhiteElo "1472"]
[LiveChessVersion "1.4.8"]

1. d4 {[%clk 0:03:03]} e6 2. c4 b6 3. Nf3 Bb7 {[%clk 0:03:00]} 4. Nbd2
{[%clk 0:03:04]} Nf6 {[%clk 0:02:57]} 5. g3 {[%clk 0:03:05]} c5 {[%clk 0:02:38]}
6. e3 {[%clk 0:02:49]} d5 {[%clk 0:02:31]} 7. Bg2 {[%clk 0:02:46]} Nc6
{[%clk 0:02:25]} 8. O-O {[%clk 0:02:43]} Be7 {[%clk 0:02:25]} 9. b3
{[%clk 0:02:41]} O-O {[%clk 0:02:23]} 10. Bb2 {[%clk 0:02:42]} Rc8
{[%clk 0:02:16]} 11. Rc1 {[%clk 0:02:42]} Nb4 {[%clk 0:02:06]} 12. Ra1
{[%clk 0:02:21]} Ne4 {[%clk 0:01:53]} 13. Qe2 {[%clk 0:02:01]} Nxd2
{[%clk 0:01:45]} 14. Nxd2 {[%clk 0:01:58]} cxd4 {[%clk 0:01:36]} 15. Bxd4
{[%clk 0:01:36]} Nc2 {[%clk 0:01:31]} 16. Rac1 {[%clk 0:01:32]} Nxd4
{[%clk 0:01:32]} 17. exd4 {[%clk 0:01:33]} Bf6 {[%clk 0:01:33]} 18. Qe3
{[%clk 0:01:28]} Qd7 {[%clk 0:01:16]} 19. Rfd1 {[%clk 0:01:08]} dxc4
{[%clk 0:01:13]} 20. Bxb7 {[%clk 0:00:55]} Qxb7 {[%clk 0:01:14]} 21. Nxc4
{[%clk 0:00:55]} Qd5 {[%clk 0:01:04]} 22. Ne5 {[%clk 0:00:50]} Rxc1
{[%clk 0:00:51]} 23. Rxc1 {[%clk 0:00:50]} Rd8 {[%clk 0:00:50]} 24. Nc6
{[%clk 0:00:19]} Rd7 {[%clk 0:00:28]} 25. Rc4 {[%clk 0:00:11]} h6
{[%clk 0:00:26]} 26. Nb4 {[%clk 0:00:10]} Qd6 {[%clk 0:00:24]} 27. Rc8+
{[%clk 0:00:07]} Rd8 {[%clk 0:00:22]} 28. Rxd8+ {[%clk 0:00:07]} Qxd8
{[%clk 0:00:23]} 29. Nc2 {[%clk 0:00:07]} Qd5 {[%clk 0:00:18]} 30. a3
{[%clk 0:00:04]} Bg5 {[%clk 0:00:15]} 31. f4 Bf6 {[%clk 0:00:16]} 32. Nb4
{[%clk 0:00:00]} 0-1

[Event "MPJBiS 2020"]
[Site "?"]
[Date "2020.08.30"]
[Round "5.5"]
[White "Krawczyk, Flawian"]
[Black "Bartnik, Michal"]
[Result "1-0"]
[BlackElo "1346"]
[WhiteElo "1639"]
[LiveChessVersion "1.4.8"]

1. e4 e6 2. d4 d5 3. Nd2 Nf6 4. e5 Nfd7 5. f4 c5 6. c3 Nc6 7. Ndf3 Qb6 8. a3 cxd4
9. cxd4 a5 10. g3 f6 11. Bd3 f5 12. Ne2 Be7 13. O-O O-O 14. Kh1 Qd8 15. Qc2 Nb6
16. h3 h5 17. Qd1 Qe8 18. Qe1 Bd7 19. Nh2 a4 20. g4 Na5 21. Rg1 fxg4 22. hxg4
Nac4 23. Rg3 Kh8 24. Qg1 Bh4 1-0

[Event "MPJBiS 2020"]
[Site "?"]
[Date "2020.08.30"]
[Round "5.6"]
[White "Grot, Blazej"]
[Black "Hryniewicz, Maciej"]
[Result "1-0"]
[BlackElo "1220"]
[WhiteElo "1557"]
[LiveChessVersion "1.4.8"]

1. e4 {[%clk 0:03:02]} c5 {[%clk 0:03:04]} 2. Nf3 {[%clk 0:03:03]} Nc6
{[%clk 0:03:05]} 3. d4 {[%clk 0:03:04]} cxd4 4. Nxd4 {[%clk 0:03:04]} Nf6
{[%clk 0:03:07]} 5. Nc3 {[%clk 0:03:04]} e5 {[%clk 0:03:08]} 6. Ndb5 d6 7. Bg5
{[%clk 0:03:03]} a6 {[%clk 0:03:11]} 8. Na3 {[%clk 0:03:04]} b5 {[%clk 0:03:13]}
9. Bxf6 {[%clk 0:03:04]} Qxf6 {[%clk 0:03:11]} 10. Nd5 {[%clk 0:02:53]} Qd8
{[%clk 0:03:12]} 11. c4 bxc4 {[%clk 0:03:05]} 12. Nxc4 {[%clk 0:02:51]} Be7
{[%clk 0:03:00]} 13. Bd3 {[%clk 0:02:44]} Be6 {[%clk 0:02:57]} 14. Nce3
{[%clk 0:02:38]} O-O {[%clk 0:02:49]} 15. O-O {[%clk 0:02:38]} Rc8
{[%clk 0:02:46]} 16. Rc1 {[%clk 0:02:35]} Bg5 {[%clk 0:02:34]} 17. Bxa6
{[%clk 0:02:28]} Bxe3 {[%clk 0:02:00]} 18. fxe3 {[%clk 0:02:23]} Bxd5
{[%clk 0:01:39]} 19. exd5 Ra8 {[%clk 0:01:16]} 20. Rxc6 {[%clk 0:02:13]} Qa5
{[%clk 0:01:12]} 21. Qd3 {[%clk 0:01:54]} Qxa2 {[%clk 0:00:09]} 22. b4 Qa4
{[%clk 0:00:08]} 23. b5 {[%clk 0:01:51]} Rfd8 24. e4 {[%clk 0:01:48]} h6
{[%clk 0:00:09]} 25. h3 {[%clk 0:01:47]} Ra7 {[%clk 0:00:05]} 26. Rfc1
{[%clk 0:01:38]} Raa8 {[%clk 0:00:06]} 27. Rc7 {[%clk 0:01:34]} Rf8
{[%clk 0:00:07]} 28. Qc4 {[%clk 0:01:25]} Qa3 {[%clk 0:00:03]} 29. Kh2
{[%clk 0:01:20]} Qe3 1-0

[Event "MPJBiS 2020"]
[Site "?"]
[Date "2020.08.30"]
[Round "5.7"]
[White "Liskiewicz, Jakub"]
[Black "Bochniak, Franciszek"]
[Result "0-1"]
[BlackElo "1485"]
[WhiteElo "1383"]
[LiveChessVersion "1.4.8"]

1. d4 Nf6 2. c4 e6 3. Nf3 Bb4+ 4. Bd2 Bxd2+ 5. Nbxd2 O-O 6. e4 b6 7. Bd3 Bb7 8.
O-O d6 9. Qc2 h6 10. e5 dxe5 11. dxe5 Nfd7 12. Rfd1 Nc6 13. Nb3 Qe7 14. Be4 Rad8
15. Rd2 Nc5 16. Nxc5 Qxc5 17. Rad1 Rxd2 18. Rxd2 Ba8 19. Rd7 Nxe5 20. Bxa8 Nxd7
21. Be4 Nf6 22. Bd3 Rd8 23. Qd2 Qd6 24. Ne1 e5 25. Qe3 Qd4 26. Qg3 e4 27. Bf1 Qd6
28. Qe3 Ng4 29. Qh3 Qf4 30. f3 Qe3+ 0-1

[Event "MPJBiS 2020"]
[Site "?"]
[Date "2020.08.30"]
[Round "5.8"]
[White "Bury, Maksymilian"]
[Black "Dobosiewicz, Dawid"]
[Result "0-1"]
[BlackElo "1469"]
[WhiteElo "1345"]
[LiveChessVersion "1.4.8"]

1. e4 {[%clk 0:03:03]} c5 {[%clk 0:03:03]} 2. d4 {[%clk 0:03:04]} cxd4
{[%clk 0:03:04]} 3. c3 {[%clk 0:03:06]} Nf6 {[%clk 0:03:05]} 4. e5
{[%clk 0:03:07]} Nd5 {[%clk 0:03:07]} 5. cxd4 {[%clk 0:03:08]} e6
{[%clk 0:03:08]} 6. Bc4 {[%clk 0:03:09]} Nb6 {[%clk 0:03:09]} 7. Bb3
{[%clk 0:03:09]} d6 {[%clk 0:03:10]} 8. Nf3 {[%clk 0:03:07]} Nc6 {[%clk 0:03:07]}
9. O-O {[%clk 0:03:02]} Qc7 {[%clk 0:03:00]} 10. Qe2 {[%clk 0:02:54]} Bd7
{[%clk 0:03:00]} 11. Nc3 {[%clk 0:02:55]} a6 {[%clk 0:02:49]} 12. Bf4
{[%clk 0:02:52]} h6 {[%clk 0:02:41]} 13. Rac1 {[%clk 0:02:48]} dxe5
{[%clk 0:02:34]} 14. Nxe5 {[%clk 0:02:41]} Bd6 {[%clk 0:02:21]} 15. Nxd7
{[%clk 0:02:16]} Bxf4 {[%clk 0:02:01]} 16. Nxb6 {[%clk 0:02:14]} Qxb6
{[%clk 0:02:01]} 17. Rcd1 {[%clk 0:01:42]} O-O {[%clk 0:01:52]} 18. Qe4
{[%clk 0:01:38]} Bg5 {[%clk 0:01:32]} 19. f4 {[%clk 0:01:13]} Bf6
{[%clk 0:01:32]} 20. Ne2 {[%clk 0:01:11]} Rad8 {[%clk 0:01:26]} 21. Bc2
{[%clk 0:01:05]} g6 {[%clk 0:01:22]} 22. Kh1 {[%clk 0:00:32]} Bxd4
{[%clk 0:01:16]} 23. Nxd4 {[%clk 0:00:33]} Nxd4 {[%clk 0:01:01]} 24. h3
{[%clk 0:00:24]} Nxc2 {[%clk 0:01:00]} 25. Qxc2 {[%clk 0:00:26]} Rc8
{[%clk 0:01:01]} 26. Qd2 {[%clk 0:00:25]} Rfd8 {[%clk 0:01:01]} 27. Qe2
{[%clk 0:00:25]} Qa5 {[%clk 0:00:48]} 28. a3 {[%clk 0:00:22]} Qa4
{[%clk 0:00:43]} 29. Qf3 {[%clk 0:00:17]} Rxd1 {[%clk 0:00:37]} 30. Rxd1
{[%clk 0:00:18]} Rf8 {[%clk 0:00:31]} 31. Rf1 {[%clk 0:00:19]} Qb5
{[%clk 0:00:30]} 32. Rf2 {[%clk 0:00:18]} Rc8 {[%clk 0:00:30]} 33. Kh2
{[%clk 0:00:19]} Rc7 {[%clk 0:00:27]} 34. Rd2 {[%clk 0:00:19]} Rd7
{[%clk 0:00:26]} 35. Rc2 {[%clk 0:00:20]} Rd8 {[%clk 0:00:24]} 36. Qe4
{[%clk 0:00:19]} Qf5 {[%clk 0:00:21]} 37. Qc4 {[%clk 0:00:19]} e5
{[%clk 0:00:20]} 38. fxe5 {[%clk 0:00:19]} Qxe5+ {[%clk 0:00:21]} 39. g3
{[%clk 0:00:19]} Re8 {[%clk 0:00:22]} 40. Qd3 {[%clk 0:00:18]} Qe7
{[%clk 0:00:15]} 41. Qf3 {[%clk 0:00:18]} Qd7 {[%clk 0:00:14]} 42. Re2
{[%clk 0:00:18]} Rd8 {[%clk 0:00:14]} 43. h4 {[%clk 0:00:18]} Qd3
{[%clk 0:00:14]} 44. Qf2 {[%clk 0:00:18]} Qd4 {[%clk 0:00:15]} 45. Qf3
{[%clk 0:00:19]} Qb6 {[%clk 0:00:15]} 46. Rc2 {[%clk 0:00:19]} Qd6
{[%clk 0:00:16]} 47. Re2 {[%clk 0:00:19]} Qd1 {[%clk 0:00:15]} 48. Qf2
{[%clk 0:00:19]} Qc1 {[%clk 0:00:16]} 49. Rc2 {[%clk 0:00:20]} Qb1
{[%clk 0:00:17]} 50. Re2 {[%clk 0:00:20]} Qf5 {[%clk 0:00:16]} 51. Qg2
{[%clk 0:00:20]} Rd1 {[%clk 0:00:14]} 52. Rf2 {[%clk 0:00:20]} Qe6
{[%clk 0:00:13]} 53. Re2 {[%clk 0:00:21]} Qd7 {[%clk 0:00:14]} 54. Qf2
{[%clk 0:00:21]} Rb1 {[%clk 0:00:15]} 55. Rc2 {[%clk 0:00:21]} Qd1
{[%clk 0:00:13]} 56. Rd2 {[%clk 0:00:17]} Qh1# {[%clk 0:00:14]} 0-1

[Event "MPJBiS 2020"]
[Site "?"]
[Date "2020.08.30"]
[Round "5.9"]
[White "Zieba, Hubert"]
[Black "Karp, Kacper"]
[Result "1/2-1/2"]
[BlackElo "1292"]
[WhiteElo "1466"]
[LiveChessVersion "1.4.8"]

1. c4 {[%clk 0:02:57]} e5 {[%clk 0:03:03]} 2. Nc3 {[%clk 0:02:57]} Nf6
{[%clk 0:03:03]} 3. g3 {[%clk 0:02:57]} d5 {[%clk 0:03:04]} 4. cxd5
{[%clk 0:02:57]} Nxd5 {[%clk 0:03:04]} 5. Bg2 {[%clk 0:02:58]} Nb6
{[%clk 0:03:04]} 6. Nf3 {[%clk 0:02:58]} Nc6 {[%clk 0:03:05]} 7. O-O
{[%clk 0:02:54]} Be7 {[%clk 0:03:05]} 8. d3 {[%clk 0:02:51]} O-O {[%clk 0:03:03]}
9. Bd2 {[%clk 0:02:49]} Be6 {[%clk 0:03:00]} 10. Na4 {[%clk 0:02:35]} f6
{[%clk 0:02:40]} 11. Nc3 {[%clk 0:02:21]} Qd7 {[%clk 0:02:32]} 12. a3
{[%clk 0:02:22]} a5 {[%clk 0:02:33]} 13. Qc2 {[%clk 0:02:19]} a4 {[%clk 0:02:31]}
14. Rac1 {[%clk 0:02:11]} Na5 {[%clk 0:02:03]} 15. Ne4 {[%clk 0:01:55]} Nb3
{[%clk 0:01:29]} 16. Rce1 {[%clk 0:01:50]} Rfd8 {[%clk 0:01:08]} 17. Qb1
{[%clk 0:01:29]} Bh3 {[%clk 0:00:48]} 18. Be3 {[%clk 0:01:17]} Bxg2
{[%clk 0:00:45]} 19. Kxg2 {[%clk 0:01:18]} Nd5 {[%clk 0:00:43]} 20. Bc1
{[%clk 0:01:11]} b6 {[%clk 0:00:36]} 21. Ned2 {[%clk 0:01:10]} Nxd2
{[%clk 0:00:26]} 22. Bxd2 {[%clk 0:01:11]} c5 {[%clk 0:00:25]} 23. Rc1
{[%clk 0:01:09]} Rdc8 {[%clk 0:00:18]} 24. Qa2 {[%clk 0:01:04]} Kh8
{[%clk 0:00:16]} 25. Rc2 {[%clk 0:01:02]} Rab8 {[%clk 0:00:16]} 26. Rfc1
{[%clk 0:01:00]} Nc7 {[%clk 0:00:07]} 27. b3 {[%clk 0:00:49]} axb3
{[%clk 0:00:07]} 28. Qxb3 {[%clk 0:00:50]} Ne6 29. Kg1 {[%clk 0:00:44]} Nd4
{[%clk 0:00:06]} 30. Nxd4 {[%clk 0:00:45]} Qxd4 {[%clk 0:00:06]} 31. Be3
{[%clk 0:00:39]} Qd7 {[%clk 0:00:07]} 32. Rb1 {[%clk 0:00:36]} Qc7
{[%clk 0:00:04]} 33. Rbc1 {[%clk 0:00:34]} Qd7 {[%clk 0:00:05]} 34. a4
{[%clk 0:00:34]} Qc7 {[%clk 0:00:03]} 35. Rc3 {[%clk 0:00:26]} Ra8
{[%clk 0:00:03]} 36. Qc2 {[%clk 0:00:21]} Ra5 {[%clk 0:00:05]} 37. Rb1
{[%clk 0:00:17]} Ra6 {[%clk 0:00:05]} 38. Rcb3 {[%clk 0:00:17]} Rb8
{[%clk 0:00:05]} 39. Qb2 {[%clk 0:00:17]} Bd6 {[%clk 0:00:05]} 40. Rb5
{[%clk 0:00:18]} Be7 {[%clk 0:00:03]} 41. Qb3 {[%clk 0:00:19]} Bd6
{[%clk 0:00:04]} 42. Kg2 {[%clk 0:00:19]} Qc6+ {[%clk 0:00:05]} 43. Kg1
{[%clk 0:00:21]} Qc7 {[%clk 0:00:06]} 44. Bd2 {[%clk 0:00:19]} Be7
{[%clk 0:00:06]} 45. a5 {[%clk 0:00:21]} Bd6 {[%clk 0:00:06]} 46. axb6
{[%clk 0:00:21]} Qd8 {[%clk 0:00:05]} 47. b7 {[%clk 0:00:22]} Ra7
{[%clk 0:00:06]} 48. Ba5 {[%clk 0:00:21]} Qd7 {[%clk 0:00:07]} 49. Bd2
{[%clk 0:00:19]} Bc7 {[%clk 0:00:07]} 50. Rxc5 {[%clk 0:00:19]} Bd6
{[%clk 0:00:07]} 51. Rb5 {[%clk 0:00:20]} Qc6 {[%clk 0:00:06]} 52. Rb6
{[%clk 0:00:21]} Qc5 {[%clk 0:00:06]} 53. Bb4 {[%clk 0:00:21]} Qxb6 54. Bxd6
{[%clk 0:00:22]} Qxb3 {[%clk 0:00:06]} 55. Rxb3 {[%clk 0:00:22]} Rbxb7
{[%clk 0:00:02]} 56. Rc3 {[%clk 0:00:22]} 1/2-1/2

[Event "MPJBiS 2020"]
[Site "?"]
[Date "2020.08.30"]
[Round "5.10"]
[White "Dietrich, Pawel"]
[Black "Bartodziej, Bartosz"]
[Result "0-1"]
[BlackElo "1465"]
[WhiteElo "1266"]
[LiveChessVersion "1.4.8"]

1. e4 {[%clk 0:03:02]} c5 {[%clk 0:03:03]} 2. Nf3 {[%clk 0:03:00]} e6
{[%clk 0:03:04]} 3. d4 {[%clk 0:03:01]} cxd4 {[%clk 0:03:05]} 4. Nxd4
{[%clk 0:02:57]} Nf6 {[%clk 0:03:05]} 5. Nc3 {[%clk 0:02:56]} Nc6
{[%clk 0:03:06]} 6. Be3 {[%clk 0:02:52]} Bb4 {[%clk 0:03:06]} 7. Nxc6
{[%clk 0:02:49]} bxc6 {[%clk 0:03:06]} 8. Bd4 {[%clk 0:02:15]} Nxe4
{[%clk 0:02:31]} 9. Bxg7 {[%clk 0:02:02]} Rg8 {[%clk 0:02:10]} 10. Bd4
{[%clk 0:02:00]} Bxc3+ {[%clk 0:02:04]} 11. Bxc3 {[%clk 0:01:46]} Nxc3
{[%clk 0:02:03]} 12. bxc3 {[%clk 0:01:47]} Qf6 {[%clk 0:01:59]} 13. Qf3
{[%clk 0:01:21]} Qxf3 {[%clk 0:01:56]} 14. gxf3 {[%clk 0:01:22]} Rb8
{[%clk 0:01:47]} 15. Bd3 {[%clk 0:01:22]} h6 {[%clk 0:01:40]} 16. Ke2
{[%clk 0:01:20]} d5 {[%clk 0:01:37]} 17. Rag1 {[%clk 0:01:21]} Rxg1
{[%clk 0:01:10]} 18. Rxg1 {[%clk 0:01:21]} Ke7 {[%clk 0:00:56]} 19. Rg7
{[%clk 0:01:18]} Kf6 {[%clk 0:00:33]} 20. Rh7 {[%clk 0:01:13]} c5
{[%clk 0:00:23]} 21. c4 {[%clk 0:00:48]} Rb2 {[%clk 0:00:11]} 22. Rxh6+
{[%clk 0:00:42]} Kg5 {[%clk 0:00:08]} 23. Rh3 {[%clk 0:00:16]} Rxa2
{[%clk 0:00:07]} 24. Rg3+ {[%clk 0:00:16]} Kf6 {[%clk 0:00:08]} 25. h4
{[%clk 0:00:15]} Ba6 {[%clk 0:00:07]} 26. h5 {[%clk 0:00:15]} Ra1
{[%clk 0:00:06]} 27. h6 {[%clk 0:00:13]} Rh1 {[%clk 0:00:05]} 28. h7
{[%clk 0:00:14]} Bxc4 {[%clk 0:00:05]} 29. Rg8 {[%clk 0:00:03]} Bxd3+
{[%clk 0:00:05]} 30. cxd3 {[%clk 0:00:05]} Rxh7 {[%clk 0:00:05]} 31. Ra8
{[%clk 0:00:06]} Ke5 {[%clk 0:00:04]} 32. Rxa7 {[%clk 0:00:09]} 0-1

[Event "MPJBiS 2020"]
[Site "?"]
[Date "2020.08.30"]
[Round "5.11"]
[White "Kolasa, Michal"]
[Black "Rosa, Antoni"]
[Result "0-1"]
[BlackElo "1445"]
[WhiteElo "1159"]
[LiveChessVersion "1.4.8"]

1. e4 {[%clk 0:03:03]} e6 {[%clk 0:03:03]} 2. d4 {[%clk 0:03:04]} d5
{[%clk 0:03:04]} 3. Nc3 dxe4 {[%clk 0:03:04]} 4. Nxe4 {[%clk 0:03:04]} Nd7
{[%clk 0:03:05]} 5. Nf3 {[%clk 0:03:02]} Be7 {[%clk 0:03:06]} 6. Bd3
{[%clk 0:02:57]} Ngf6 {[%clk 0:03:07]} 7. c3 {[%clk 0:02:56]} Nxe4
{[%clk 0:03:04]} 8. Bxe4 {[%clk 0:02:56]} Nf6 {[%clk 0:03:05]} 9. Bd3
{[%clk 0:02:57]} b6 {[%clk 0:03:03]} 10. Bf4 {[%clk 0:02:54]} Bb7
{[%clk 0:03:01]} 11. h3 {[%clk 0:02:54]} Nd5 {[%clk 0:03:00]} 12. Bd2
{[%clk 0:02:49]} c5 {[%clk 0:02:52]} 13. c4 {[%clk 0:02:46]} Nf6 {[%clk 0:02:39]}
14. dxc5 {[%clk 0:02:40]} Bxc5 {[%clk 0:02:35]} 15. Bc3 {[%clk 0:02:40]} O-O
{[%clk 0:02:31]} 16. Qe2 {[%clk 0:02:23]} Qe7 {[%clk 0:02:26]} 17. O-O
{[%clk 0:02:10]} Rad8 {[%clk 0:02:22]} 18. Rad1 {[%clk 0:02:07]} Nh5
{[%clk 0:02:05]} 19. Be5 {[%clk 0:01:40]} f6 {[%clk 0:01:59]} 20. Bh2
{[%clk 0:01:31]} Bd6 {[%clk 0:01:31]} 21. Bxd6 {[%clk 0:01:11]} Rxd6
{[%clk 0:01:31]} 22. Qe3 {[%clk 0:01:02]} Rfd8 {[%clk 0:01:06]} 23. Rd2
{[%clk 0:00:51]} e5 {[%clk 0:01:01]} 24. Be4 {[%clk 0:00:39]} Bxe4
{[%clk 0:00:52]} 25. Rxd6 {[%clk 0:00:40]} Rxd6 {[%clk 0:00:48]} 26. Qxe4
{[%clk 0:00:41]} Nf4 {[%clk 0:00:43]} 27. Kh2 {[%clk 0:00:36]} Qd7
{[%clk 0:00:32]} 28. Re1 {[%clk 0:00:28]} Nd3 {[%clk 0:00:26]} 29. Re2
{[%clk 0:00:29]} Nf4 {[%clk 0:00:26]} 30. Re1 {[%clk 0:00:27]} Qc6
{[%clk 0:00:17]} 31. Qxc6 {[%clk 0:00:22]} Rxc6 {[%clk 0:00:19]} 32. b3
{[%clk 0:00:23]} Rd6 {[%clk 0:00:19]} 33. g3 {[%clk 0:00:20]} Ne6
{[%clk 0:00:16]} 34. Re2 {[%clk 0:00:20]} Nc5 {[%clk 0:00:14]} 35. Nd2
{[%clk 0:00:17]} Nd3 {[%clk 0:00:10]} 36. Ne4 {[%clk 0:00:18]} Rd4
{[%clk 0:00:10]} 37. Kg2 {[%clk 0:00:16]} Nc1 {[%clk 0:00:10]} 38. Rc2
{[%clk 0:00:18]} Nxb3 {[%clk 0:00:05]} 39. Nxf6+ {[%clk 0:00:15]} gxf6
{[%clk 0:00:06]} 40. axb3 Rd3 41. Rb2 {[%clk 0:00:16]} a5 {[%clk 0:00:08]} 42.
Kf1 {[%clk 0:00:15]} Kf7 {[%clk 0:00:09]} 43. Ke2 {[%clk 0:00:17]} Rd4
{[%clk 0:00:10]} 44. f3 {[%clk 0:00:17]} Ke6 {[%clk 0:00:11]} 45. Ke3
{[%clk 0:00:18]} Rd6 {[%clk 0:00:12]} 46. Rd2 {[%clk 0:00:18]} Rc6
{[%clk 0:00:12]} 47. Rd5 {[%clk 0:00:19]} Rc8 {[%clk 0:00:12]} 48. f4
{[%clk 0:00:18]} Rg8 {[%clk 0:00:10]} 49. Kf3 {[%clk 0:00:19]} h5
{[%clk 0:00:10]} 50. h4 {[%clk 0:00:20]} e4+ {[%clk 0:00:09]} 51. Kxe4
{[%clk 0:00:19]} Rxg3 {[%clk 0:00:09]} 52. f5+ {[%clk 0:00:21]} Ke7
{[%clk 0:00:09]} 53. Rd3 {[%clk 0:00:21]} Rg4+ {[%clk 0:00:10]} 54. Kd5 Rxh4
{[%clk 0:00:08]} 55. Kc6 {[%clk 0:00:22]} Rf4 {[%clk 0:00:08]} 56. Rd7+
{[%clk 0:00:24]} Ke8 {[%clk 0:00:09]} 57. Rd5 h4 {[%clk 0:00:10]} 58. Kxb6
{[%clk 0:00:20]} h3 {[%clk 0:00:11]} 59. Kxa5 {[%clk 0:00:20]} h2
{[%clk 0:00:11]} 60. Rd1 {[%clk 0:00:22]} Rxf5+ {[%clk 0:00:12]} 61. Kb4
{[%clk 0:00:23]} Rh5 {[%clk 0:00:12]} 62. Rh1 {[%clk 0:00:24]} f5
{[%clk 0:00:13]} 63. Kc3 {[%clk 0:00:25]} Rh3+ {[%clk 0:00:14]} 64. Kc2
{[%clk 0:00:26]} f4 {[%clk 0:00:15]} 65. Kd2 {[%clk 0:00:25]} Rxb3
{[%clk 0:00:15]} 66. Rxh2 {[%clk 0:00:26]} Rb2+ {[%clk 0:00:16]} 67. Kc3
{[%clk 0:00:24]} Rxh2 0-1